| 000 | nam a22 7a 4500 | ||
|---|---|---|---|
| 999 |
_c126498 _d126498 |
||
| 008 | 170602b xxu||||| |||| 00| 0 eng d | ||
| 050 | _aQC16.H33H39 2009 | ||
| 100 |
_aHawking, Jane _931993 |
||
| 245 |
_aMusic to move the stars: _ba life with Stephen _cby /Jane Hawking |
||
| 260 |
_aLondon _bPan Books _c2000 |
||
| 300 |
_axii,612p. ; _c20cm. |
||
| 600 |
_aHawking, Stephen _931994 |
||
| 650 |
_aPhysicists' spouses _931995 |
||
| 942 |
_2lcc _cMONOGRAPH |
||